01780cam a2200301 45000010005000000030006000050050017000110080039000280100015000670200015000820200022000970820014001191000021001332450067001542500011002212600037002323000037002695000043003065000095003495040050004445050783004946500026012776500022013036500017013256500038013426500034013807000064014148389OCoLC20181127185805.0040106s2004 moua b 001 0 eng a2004040246 a0323014879 a032303649Xc(pbk) a612.6b21 aCarlson, Bruce M10aHuman embryology and developmental biology /cBruce M. Carlson a3rd ed aSt. Louis, Mo. :bMosby, cc2004 axv, 527 p. :bcol. ill. ;c28 cm a""Online access + interactive extras"" aUpdated ed. of: Human embryology & developmental biology / Bruce M. Carlson. 3rd ed. c2004 aIncludes bibliographical references and index0 aDevelopmental tables -- Early development and the fetal-maternal relationship -- Getting ready for pregnancy -- Transport of gametes and fertilization -- Cleavage and implantation -- Molecular basis for embryonic development -- Formation of germ layers and early derivatives -- Establishment of the basic embryonic body plan -- Placenta and extraembryonic membranes -- Developmental disorders : causes, mechanisms, and patterns -- Development of the body systems -- Integumentary, skeletal and muscular systems -- Limb development -- Nervous system -- Neural crest -- Sense organs -- Head and neck -- Digestive and respiratory systems and body cavities -- Urogenital system - Cardiovascular system -- Fetal period and birth -- Answers to clinical vignettes and review questions 0aDevelopmental biology 0aEmbryology, Human 0aHuman growth12aEmbryonic Developmentxphysiology12aFetal Developmentxphysiology1 aCarlson, Bruce M.tHuman embryology & developmental biology